<?xml version="1.0" encoding="UTF-8"?><?xml-stylesheet type="text/xsl" href="static/style.xsl"?><OAI-PMH xmlns="http://www.openarchives.org/OAI/2.0/" xmlns:xsi="http://www.w3.org/2001/XMLSchema-instance" xsi:schemaLocation="http://www.openarchives.org/OAI/2.0/ http://www.openarchives.org/OAI/2.0/OAI-PMH.xsd"><responseDate>2026-06-30T04:11:44Z</responseDate><request verb="GetRecord" identifier="oai:riubu.ubu.es:10259/11606" metadataPrefix="marc">https://riubu.ubu.es/oai/request</request><GetRecord><record><header><identifier>oai:riubu.ubu.es:10259/11606</identifier><datestamp>2026-05-15T11:33:26Z</datestamp><setSpec>com_10259.4_2560</setSpec><setSpec>com_10259_5086</setSpec><setSpec>com_10259_2604</setSpec><setSpec>col_10259.4_2561</setSpec></header><metadata><record xmlns="http://www.loc.gov/MARC21/slim" xmlns:doc="http://www.lyncode.com/xoai" xmlns:xsi="http://www.w3.org/2001/XMLSchema-instance" xmlns:dcterms="http://purl.org/dc/terms/" xsi:schemaLocation="http://www.loc.gov/MARC21/slim http://www.loc.gov/standards/marcxml/schema/MARC21slim.xsd">
<leader>00925njm 22002777a 4500</leader>
<datafield tag="042" ind1=" " ind2=" ">
<subfield code="a">dc</subfield>
</datafield>
<datafield tag="720" ind1=" " ind2=" ">
<subfield code="a">Río del Río, Judit del</subfield>
<subfield code="e">author</subfield>
</datafield>
<datafield tag="720" ind1=" " ind2=" ">
<subfield code="a">Cruz, Pablo</subfield>
<subfield code="e">author</subfield>
</datafield>
<datafield tag="720" ind1=" " ind2=" ">
<subfield code="a">Gómez Paccard, Miriam</subfield>
<subfield code="e">author</subfield>
</datafield>
<datafield tag="720" ind1=" " ind2=" ">
<subfield code="a">Palencia Ortas, Alicia</subfield>
<subfield code="e">author</subfield>
</datafield>
<datafield tag="720" ind1=" " ind2=" ">
<subfield code="a">Puente Borque, Marina</subfield>
<subfield code="e">author</subfield>
</datafield>
<datafield tag="720" ind1=" " ind2=" ">
<subfield code="a">Pavón Carrasco, Francisco Javier</subfield>
<subfield code="e">author</subfield>
</datafield>
<datafield tag="720" ind1=" " ind2=" ">
<subfield code="a">Marsh, Erik</subfield>
<subfield code="e">author</subfield>
</datafield>
<datafield tag="260" ind1=" " ind2=" ">
<subfield code="c">2026-06</subfield>
</datafield>
<datafield tag="520" ind1=" " ind2=" ">
<subfield code="a">This paper presents the first archaeomagnetic dating at Tiwanaku (Andean Altiplano). We compared the geomagnetic field val-ues recorded by a metallurgical furnace against an updated SHAWQ2k-SH global model and a regional intensity curve, both ofwhich include, for the first time, high-quality intensity data from the Southern Hemisphere. Results place the furnace's last use in450–740 ce, and the decorated ceramic chronology at the site further constrains it to 570–740 ce, with maximum probability dur-ing the mid-late 600 s. This marks a significant methodological advance for Andean archaeometallurgy, addressing challengesposed by thermoluminescence and radiocarbon dating in the region.</subfield>
</datafield>
<datafield tag="024" ind2=" " ind1="8">
<subfield code="a">0003-813X</subfield>
</datafield>
<datafield tag="024" ind2=" " ind1="8">
<subfield code="a">https://hdl.handle.net/10259/11606</subfield>
</datafield>
<datafield tag="024" ind2=" " ind1="8">
<subfield code="a">10.1111/arcm.70046</subfield>
</datafield>
<datafield tag="024" ind2=" " ind1="8">
<subfield code="a">1475-4754</subfield>
</datafield>
<datafield ind1=" " ind2=" " tag="653">
<subfield code="a">Andean archaeology</subfield>
</datafield>
<datafield ind1=" " ind2=" " tag="653">
<subfield code="a">Archaeomagnetic dating</subfield>
</datafield>
<datafield ind1=" " ind2=" " tag="653">
<subfield code="a">Archaeomagnetism</subfield>
</datafield>
<datafield ind1=" " ind2=" " tag="653">
<subfield code="a">Archaeometallurgy</subfield>
</datafield>
<datafield ind1=" " ind2=" " tag="653">
<subfield code="a">Furnace</subfield>
</datafield>
<datafield ind1=" " ind2=" " tag="653">
<subfield code="a">Pre-Hispanic Bolivia</subfield>
</datafield>
<datafield tag="245" ind1="0" ind2="0">
<subfield code="a">The First Archaeomagnetic Age at Tiwanaku and Implications for Dating Andean Metallurgical Furnaces</subfield>
</datafield>
</record></metadata></record></GetRecord></OAI-PMH>